Statistics for US states producing most coal

Click here to take the quiz!

General Stats

  • This quiz has been taken 17 times
  • The average score is 8 of 10

Answer Stats

Tonnes (2015)Answer% Correct
77Kentucky
100%
112West Virginia
94%
395Wyoming
88%
61Pennsylvania
88%
58Illinois
88%
44Montana
82%
24Colorado
82%
43Texas
76%
39.3Indiana
76%
29.2North Dakota
71%

Score Distribution

Percentile by Number Answered

Percent of People with Each Score

Your Score History

You have not taken this quiz